Central Library OPAC University of Rajshahi

মুজিব সরকারের উত্থান পতন / (Record no. 78491)

MARC details
000 -LEADER
fixed length control field 00906nam a2200229 4500
001 - CONTROL NUMBER
control field 78491
003 - CONTROL NUMBER IDENTIFIER
rucl marc code BD-RjUL
005 - DATE AND TIME OF LATEST TRANSACTION
control field 20211209083133.0
008 - FIXED-LENGTH DATA ELEMENTS--GENERAL INFORMATION
fixed length control field 210928s1976 bg ||||| |||| 00| 0 ben d
020 ## - INTERNATIONAL STANDARD BOOK NUMBER
Terms of availability : Tk. 10.00
035 ## - SYSTEM CONTROL NUMBER
System control number (BD-RjUL)78717
040 ## - CATALOGING SOURCE
Original cataloging agency BD-RjUL
Language of cataloging ben/eng
Transcribing agency BD-RjUL
041 ## - LANGUAGE CODE
Language code of text/sound track or separate title ben
082 ## - DEWEY DECIMAL CLASSIFICATION NUMBER
Edition number 23
Classification number 954.92
Author mark and year JAM 1976
100 ## - MAIN ENTRY--PERSONAL NAME
Personal name জলীল, এ. এফ. এম. আবদুল
9 (RLIN) 248579
245 ## - TITLE STATEMENT
Title মুজিব সরকারের উত্থান পতন /
Statement of responsibility, etc. এ. এফ. এম. আবদুল জলীল
260 ## - PUBLICATION, DISTRIBUTION, ETC. (IMPRINT)
Place of publication, distribution, etc. ঢাকা:
Name of publisher, distributor, etc. বিশ্ব পরিচয়,
Date of publication, distribution, etc. ১৯৭৬
300 ## - PHYSICAL DESCRIPTION
Pagination ১২৬, [২] পৃ. ;
Size ২২ সেমি.
651 ## - SUBJECT ADDED ENTRY--GEOGRAPHIC NAME
Geographic name বাংলাদেশ
General subdivision ইতিহাস
Chronological subdivision ১৯৪৭-১৯৭৫ খ্রিষ্টাব্দ
9 (RLIN) 248580
Geographic name Bangladesh
General subdivision History
Chronological subdivision 1947-1971 A. D.
9 (RLIN) 248581
942 ## - ADDED ENTRY ELEMENTS (KOHA)
Source of classification or shelving scheme Dewey Decimal Classification
Koha item type Books
Holdings
Lost status Source of classification or shelving scheme Damaged status Not for loan Collection code Permanent Location Current Location Shelving location Date acquired Source of acquisition Cost, normal purchase price Total Checkouts Full call number Date last seen Copy number Koha item type
  Dewey Decimal Classification   Not For Loan Rare Books Central Library, University of Rajshahi Central Library, University of Rajshahi Rare Book Section 23/02/1976 Dacca, Mawla Brothers 10.00   BRA 954.92 JAM 1976 28/09/2021 C-1 Rare Books
  Dewey Decimal Classification     Non-fiction Central Library, University of Rajshahi Central Library, University of Rajshahi   23/02/1976 Dacca, Mawla Brothers 10.00   B 954.92 JAM 1976 28/09/2021 C-2 Books